Loading...

Brave new Bollywood : in conversation with contemporary Hindi filmmakers /

Bibliographic Details
Main Author: Nirmal Kumar
Other Authors: Chaturvedi, Preeti
Format: Printed Book
Language:English
Published: New Delhi : Sage Publications, 2015.
Subjects:
LEADER 00775cam a2200193 i 4500
005 20160511151037.0
008 160511b xxu||||| |||| 00| 0 eng d
020 |a 9789351500315 
082 0 0 |a 791.430954  |b NIR 
100 1 |a Nirmal Kumar 
245 1 0 |a Brave new Bollywood :  |b in conversation with contemporary Hindi filmmakers /  |c [interviewed by] Nirmal Kumar, Preeti Chaturvedi 
260 |a New Delhi :  |b Sage Publications,  |c 2015. 
300 |a 272p. 
650 0 |a Motion picture producers and directors  |v Interviews. 
650 0 |a Motion pictures 
700 1 |a Chaturvedi, Preeti 
942 |2 ddc  |c BK 
999 |c 14939  |d 14939 
952 |0 0  |1 0  |2 ddc  |4 0  |6 791_430954000000000_NIR  |7 0  |9 21173  |a MAIN  |b MAIN  |d 2016-05-11  |e Mathrubhumi Books  |g 895.00  |o 791.430954 NIR  |p 21182  |r 2016-05-11  |t 1  |w 2016-05-11  |y BK